| 000 | 00964cam a2200229 4500 | ||
|---|---|---|---|
| 001 | ABS64444 | ||
| 008 | 010903n2001 000 0 eng u | ||
| 035 | _a(Sirsi) u114412 | ||
| 100 | _aMcGeehan, S | ||
| 245 | _aTax credit will benefit poor areas | ||
| 260 | _c2001 | ||
| 490 |
_aRegeneration and Renewal _v17 August 2001, 10(1) |
||
| 520 | _aReports on the new community investment tax credit plans, community development finance initiatives (CDFIs), which aim to provide a sustainable capital source for enterprises in deprived areas. Investors welcome this scheme, with interest in CDFIs growing. Government aims to increase financial support to existing initiatives and to increase the number and scale of CDFIs. | ||
| 590 | _aABS | ||
| 650 | _aURBAN REGENERATION | ||
| 650 | _aINVESTMENT | ||
| 650 | _aTAX CREDITS | ||
| 650 | _aCOMMUNITY DEVELOPMENT FINANCE INITIATIVES | ||
| 650 | _aLOCAL COMMUNITIES | ||
| 690 | _aREGENERATION | ||
| 942 | _n0 | ||
| 999 |
_c68141 _d68141 |
||